[Event "4th Batumi Cup 2018"]
[Site "Batumi"]
[Date "2018.07.07"]
[Round "6"]
[White "Khomeriki, Nino"]
[Black "Levin, Evgeny A"]
[Result "1/2-1/2"]
[WhiteElo "2257"]
[BlackElo "2539"]
[Annotator "RC"]
[PlyCount "213"]
[EventDate "2018.07.03"]
[EventType "swiss"]
[EventCountry "GEO"]
[SourceTitle "playchess.com"]
[Source "ChessBase"]
[SourceQuality "1"]
[TimeControl "40/5400+30:1800+30"]

1. Nf3 {[%emt 0:00:00]} b6 {[%emt 0:05:35]} 2. d4 {[%emt 0:01:20]} Nf6 {[%emt 0:00:58]} 3. e3 {[%emt 0:01:17]} Bb7 {[%emt 0:00:32]} 4. Bd3 {[%emt 0:00:06]} e6 {[%emt 0:00:15]} 5. O-O {[%emt 0:00:08]} d5 {[%emt 0:00:22]} 6. Nbd2 {[%emt 0:01:33]} Bd6 {[%emt 0:04:04]} 7. b3 {[%emt 0:01:03]} O-O {[%emt 0:01:41]} 8. Ne5 {[%emt 0:01:44]} c5 {[%emt 0:00:44]} 9. Bb2 {[%emt 0:00:12]} Nc6 {[%emt 0:00:34]} 10. f4 {[%emt 0:01:19]} Rc8 {[%emt 0:10:31]} 11. a3 {[%emt 0:00:24]} Ne7 {[%emt 0:04:29]} 12. Qf3 {[%emt 0:02:36]} Nf5 {[%emt 0:02:13]} 13. Rad1 {[%emt 0:19:34]} Qe7 {[%emt 0:38:38]} 14. Qh3 {[%emt 0:16:41]} cxd4 {[%emt 0:00:52]} 15. exd4 {[%emt 0:06:02]} Ne4 {[%emt 0:10:46]} 16. a4 {[%emt 0:09:29]} f6 {[%emt 0:04:26]} 17. Ng4 {[%emt 0:00:08]} Qc7 {[%emt 0:01:53]} 18. g3 {[%emt 0:03:54]} Bb4 {[%emt 0:01:43]} 19. Nb1 {[%emt 0:04:50]} Rfd8 {[%emt 0:00:45]} 20. Rf3 {[%emt 0:01:19]} Qf7 {[%emt 0:01:08]} 21. c3 {[%emt 0:02:56]} Bf8 {[%emt 0:01:07]} 22. Nd2 {[%emt 0:00:52]} Rc7 {[%emt 0:00:43]} 23. Nf2 {[%emt 0:04:28]} Nfd6 {[%emt 0:00:51]} 24. Re3 {[%emt 0:00:40]} f5 {[%emt 0:00:55]} 25. Nf3 {[%emt 0:00:06]} Rdc8 {[%emt 0:00:57]} 26. Bxe4 {[%emt 0:08:29]} Nxe4 {[%emt 0:00:05]} 27. Nxe4 {[%emt 0:00:35]} fxe4 {[%emt 0:00:43]} 28. Ng5 {[%emt 0:06:22]} Qf5 {[%emt 0:00:04]} 29. Qxf5 {[%emt 0:00:05]} exf5 {[%emt 0:00:06]} 30. Ne6 {[%emt 0:00:04]} Rd7 {[%emt 0:01:30]} 31. Nxf8 {[%emt 0:00:07]} Kxf8 {[%emt 0:00:04]} 32. Kf2 {[%emt 0:05:05]} Ba6 {[%emt 0:00:22]} 33. Ke1 {[%emt 0:01:02]} Rc6 {[%emt 0:00:40]} 34. Ra1 {[%emt 0:01:28]} Rh6 {[%emt 0:00:19]} 35. h4 {[%emt 0:00:08]} Bd3 {[%emt 0:00:37]} 36. a5 {[%emt 0:00:19]} Kf7 {[%emt 0:01:04]} 37. Kd2 {[%emt 0:01:28]} bxa5 {[%emt 0:00:39]} 38. Rxa5 {[%emt 0:00:28]} Rb6 {[%emt 0:01:40]} 39. b4 {[%emt 0:00:35]} Kg6 {[%emt 0:01:20]} 40. Re1 {[%emt 0:00:00]} Kh5 {[%emt 0:00:00]} 41. Rea1 {[%emt 0:02:16]} Kg4 {[%emt 0:03:41]} 42. Ke3 {[%emt 0:01:25]} a6 {[%emt 0:02:56]} 43. Rh1 {[%emt 0:00:11]} Kh5 {[%emt 0:01:11]} 44. Bc1 {[%emt 0:00:15]} Bb5 {[%emt 0:05:41]} 45. Bd2 {[%emt 0:02:03]} Rg6 {[%emt 0:00:27]} 46. Kf2 {[%emt 0:00:43]} Rc7 {[%emt 0:00:52]} 47. Ra3 {[%emt 0:00:22]} Rgc6 {[%emt 0:00:19]} 48. Rc1 {[%emt 0:04:03]} Kg4 {[%emt 0:01:33]} 49. Be3 {[%emt 0:01:10]} h6 {[%emt 0:00:50]} 50. Bd2 {[%emt 0:00:56]} Kh5 {[%emt 0:04:06]} 51. Be3 {[%emt 0:00:52]} Kg6 {[%emt 0:00:05]} 52. Bd2 {[%emt 0:00:18]} Kf7 {[%emt 0:00:08]} 53. Be3 {[%emt 0:00:46]} Rc8 {[%emt 0:01:00]} 54. Bd2 {[%emt 0:00:34]} Rh8 {[%emt 0:00:06]} 55. Be3 {[%emt 0:00:54]} Rcc8 {[%emt 0:01:46]} 56. Ra2 {[%emt 0:02:05]} Rcg8 {[%emt 0:00:19]} 57. Kg2 {[%emt 0:02:38]} Ke6 {[%emt 0:03:17]} 58. Ra3 {[%emt 0:00:38]} Kd7 {[%emt 0:00:09]} 59. Rca1 {[%emt 0:00:30]} Rc8 {[%emt 0:00:17]} 60. Rc1 {[%emt 0:00:20]} Rc6 {[%emt 0:00:05]} 61. Kf2 {[%emt 0:00:12]} Rb8 {[%emt 0:00:23]} 62. Bd2 {[%emt 0:00:48]} Bc4 {[%emt 0:00:27]} 63. Rca1 {[%emt 0:00:36]} Bb5 {[%emt 0:02:54]} 64. Rc1 {[%emt 0:00:06]} Rcb6 {[%emt 0:00:08]} 65. Be3 {[%emt 0:00:21]} Ra8 {[%emt 0:00:19]} 66. Rca1 {[%emt 0:00:36]} Kc7 {[%emt 0:00:22]} 67. Bd2 {[%emt 0:00:42]} Kb7 {[%emt 0:00:07]} 68. Be3 {[%emt 0:00:31]} h5 {[%emt 0:01:56]} 69. Bd2 {[%emt 0:00:19]} Bc4 {[%emt 0:00:05]} 70. Ke3 {[%emt 0:00:26]} Rb5 {[%emt 0:00:32]} 71. Ra5 {[%emt 0:00:18]} Rxa5 {[%emt 0:00:33]} 72. Rxa5 {[%emt 0:00:54]} Bb5 {[%emt 0:00:05]} 73. Be1 {[%emt 0:00:16]} Rc8 {[%emt 0:00:09]} 74. Bd2 {[%emt 0:00:15]} Rc6 {[%emt 0:00:05]} 75. Be1 {[%emt 0:00:05]} Rb6 {[%emt 0:00:16]} 76. Bd2 {[%emt 0:00:06]} Bc4 {[%emt 0:00:31]} 77. Be1 {[%emt 0:00:18]} Rb5 {[%emt 0:00:38]} 78. Rxb5+ {[%emt 0:02:26]} Bxb5 {[%emt 0:00:06]} 79. Bd2 {[%emt 0:00:34]} Kb6 {[%emt 0:00:16]} 80. Bc1 {[%emt 0:00:06]} Bd3 {[%emt 0:00:27]} 81. c4 {[%emt 0:06:43]} dxc4 {[%emt 0:07:23]} 82. Kd2 {[%emt 0:00:37]} Kc6 {[%emt 0:03:22]} 83. Kc3 {[%emt 0:01:13]} e3 {[%emt 0:00:22]} 84. Bxe3 {[%emt 0:00:04]} Kd5 {[%emt 0:00:07]} 85. Bc1 {[%emt 0:03:15]} Ke4 {[%emt 0:02:23]} 86. Bb2 {[%emt 0:00:44]} Kf3 {[%emt 0:02:30]} 87. d5 {[%emt 0:05:20]} Be4 {[%emt 0:00:04]} 88. Kxc4 {[%emt 0:00:01]} Kxg3 {[%emt 0:00:07]} 89. Bxg7 {[%emt 0:00:18]} Kxh4 {[%emt 0:00:16]} 90. Kc5 {[%emt 0:02:42]} Bd3 {[%emt 0:00:46]} 91. Kd4 {[%emt 0:00:50]} Bb5 {[%emt 0:02:06]} 92. Ke3 {[%emt 0:00:04]} Kg4 {[%emt 0:00:47]} 93. Kf2 {[%emt 0:00:51]} Kxf4 {[%emt 0:00:27]} 94. Bh6+ {[%emt 0:01:53]} Kg4 {[%emt 0:00:06]} 95. Ke3 {[%emt 0:00:31]} h4 {[%emt 0:01:08]} 96. Bf4 {[%emt 0:00:08]} Bc4 {[%emt 0:00:15]} 97. d6 {[%emt 0:00:05]} Bb5 {[%emt 0:00:03]} 98. Be5 {[%emt 0:00:07]} Kg5 {[%emt 0:00:40]} 99. Bh2 {[%emt 0:00:13]} Kf6 {[%emt 0:00:31]} 100. Bf4 {[%emt 0:00:06]} Ke6 {[%emt 0:00:04]} 101. Kd4 {[%emt 0:00:12]} Kf6 {[%emt 0:00:48]} 102. Ke3 {[%emt 0:00:06]} Kg6 {[%emt 0:00:07]} 103. Kf2 {[%emt 0:00:34]} Kh5 {[%emt 0:00:05]} 104. Ke3 {[%emt 0:00:16]} Kg4 {[%emt 0:01:20]} 105. Be5 {[%emt 0:00:05]} h3 {[%emt 0:00:28]} 106. Bh2 {[%emt 0:00:14]} Kg5 {[%emt 0:00:08]} 107. Be5 {[%emt 0:00:26]} 1/2-1/2

[Event "4th Batumi Cup 2018"]
[Site "Batumi"]
[Date "2018.07.07"]
[Round "6"]
[White "Martynyuk, Elizaveta"]
[Black "Primbetov, Kazbek"]
[Result "1/2-1/2"]
[WhiteElo "2182"]
[BlackElo "2257"]
[Annotator "NA"]
[PlyCount "79"]
[EventDate "2018.07.03"]
[EventType "swiss"]
[EventCountry "GEO"]
[SourceTitle "playchess.com"]
[Source "ChessBase"]
[SourceQuality "1"]
[TimeControl "40/5400+30:1800+30"]

1. e4 {[%emt 0:00:00]} c5 {[%emt 0:00:00]} 2. Nf3 {[%emt 0:00:00]} d6 {[%emt 0:00:00]} 3. d4 {[%emt 0:00:00]} cxd4 {[%emt 0:00:00]} 4. Nxd4 {[%emt 0:00:00]} Nf6 {[%emt 0:00:00]} 5. Nc3 {[%emt 0:00:06]} g6 {[%emt 0:00:00]} 6. Be3 {[%emt 0:00:06]} Bg7 {[%emt 0:00:03]} 7. f3 {[%emt 0:00:06]} Nc6 {[%emt 0:00:08]} 8. Qd2 {[%emt 0:00:09]} h5 {[%emt 0:00:06]} 9. Bc4 {[%emt 0:01:03]} Bd7 {[%emt 0:01:28]} 10. Bb3 {[%emt 0:00:34] B75: Sicilian Dragon: Yugoslav Attack, Miscellaneous} a6 {[%emt 0:00:47]} (10... Rc8 11. O-O-O Na5 12. Kb1 a6 13. h3 h4 14. Rhe1 Rh5 15. Nde2 Nc4 16. Bxc4 Rxc4 17. b3 Rc8 {1-0 (34) Khalifman,A (2702)-Shabalov,A (2585) Moscow 2001}) 11. O-O {[%emt 0:03:27]} Na5 {[%emt 0:04:58]} 12. Rae1 $146 {[%emt 0:04:48]} ({Predecessor:} 12. Kh1 Rc8 13. Rad1 Nxb3 14. axb3 Bc6 15. Nxc6 Rxc6 16. e5 Nd7 17. exd6 Rxd6 18. Qe2 Nf6 {1-0 (18) Sulc,D (2253)-Sasvari,Z (2222) Nasice 2012}) 12... Rc8 {[%emt 0:01:07]} 13. Kh1 {[%emt 0:03:03]} Nc4 {[%emt 0:01:21]} 14. Bxc4 {[%emt 0:03:13]} Rxc4 {[%emt 0:02:59]} 15. Nb3 {[%emt 0:05:47]} O-O {[%emt 0:06:05]} 16. Bh6 {[%emt 0:03:13]} Bxh6 {[%emt 0:21:03]} 17. Qxh6 {[%emt 0:00:03]} e5 {[%emt 0:00:13]} 18. Rd1 {[%emt 0:03:30]} Be6 {[%emt 0:00:45]} 19. Rd2 {[%emt 0:03:08]} Rc6 {[%emt 0:09:59]} 20. h3 {[%emt 0:00:37]} Nd7 {[%emt 0:14:45]} 21. Rfd1 {[%emt 0:04:21]} Qe7 {[%emt 0:07:19]} 22. Qe3 {[%emt 0:00:33]} Rfc8 {[%emt 0:00:27]} 23. Qf2 {[%emt 0:05:50]} g5 {[%emt 0:01:43]} 24. Na4 {[%emt 0:02:07]} b5 {[%emt 0:07:52]} 25. Nc3 {[%emt 0:00:07]} b4 {[%emt 0:00:23]} 26. Na4 {[%emt 0:01:39]} Bxb3 {[%emt 0:00:29]} 27. axb3 {[%emt 0:00:16]} h4 {[%emt 0:00:34]} 28. c3 {[%emt 0:00:22]} Rb8 $11 {[%emt 0:03:26]} 29. Qa7 {[%emt 0:01:23]} bxc3 {[%emt 0:05:01]} 30. Nxc3 {[%emt 0:01:24]} Rxb3 {[%emt 0:00:06]} 31. Nd5 {[%emt 0:00:15]} Qd8 {[%emt 0:00:09]} 32. Qxd7 {[%emt 0:00:18]} Qxd7 {[%emt 0:00:10]} 33. Nf6+ {[%emt 0:00:06]} Kf8 {[%emt 0:00:04]} 34. Nxd7+ {[%emt 0:00:24]} Ke7 {[%emt 0:00:01]} 35. Nf6 {[%emt 0:02:13]} Kxf6 {[%emt 0:00:08]} 36. Rxd6+ {[%emt 0:00:06]} Rxd6 {[%emt 0:00:05]} 37. Rxd6+ {[%emt 0:00:09]} Ke7 {[%emt 0:00:02]} 38. Rxa6 {[%emt 0:00:17]} Rxb2 {[%emt 0:00:06]} 39. Rc6 {[%emt 0:00:53]} f6 {[%emt 0:01:16]} 40. Ra6 {[%emt 0:00:00]} 1/2-1/2

[Event "4th Batumi Cup 2018"]
[Site "Batumi"]
[Date "2018.07.07"]
[Round "6"]
[White "Tereladze, Sopiko"]
[Black "Mammadova, Narmin"]
[Result "1/2-1/2"]
[WhiteElo "2169"]
[BlackElo "2209"]
[Annotator "NA"]
[PlyCount "45"]
[EventDate "2018.07.03"]
[EventType "swiss"]
[EventCountry "GEO"]
[SourceTitle "playchess.com"]
[Source "ChessBase"]
[SourceQuality "1"]
[TimeControl "40/5400+30:1800+30"]

1. d4 {[%emt 0:01:25]} d5 {[%emt 0:00:00]} 2. Nf3 {[%emt 0:00:16]} Nf6 {[%emt 0:00:00]} 3. Bf4 {[%emt 0:00:14]} g6 {[%emt 0:03:01]} 4. e3 {[%emt 0:02:25]} Bg7 {[%emt 0:01:12]} 5. Nbd2 {[%emt 0:02:06]} O-O {[%emt 0:00:54]} 6. c3 {[%emt 0:00:50]} b6 {[%emt 0:04:35]} 7. Bd3 {[%emt 0:08:31]} Bb7 {[%emt 0:00:38]} 8. O-O {[%emt 0:00:31]} Nbd7 {[%emt 0:00:21]} 9. Ne5 {[%emt 0:04:15] D02: Damenbauernspiele} (9. Qe2 Re8 10. Ba6 Qc8 11. Bxb7 Qxb7 12. Ne5 c5 {½-½ (12) Kaliberda,V (2285)-Yuferev,O (2353) Ekaterinburg 2010}) 9... Nh5 {[%emt 0:11:49]} 10. Nxd7 $146 {[%emt 0:01:31]} ({Vorgänger:} 10. Be2 Nxf4 11. exf4 c5 12. Ndf3 f6 13. Ng4 Qc7 14. g3 e5 15. fxe5 fxe5 16. dxe5 Nxe5 17. Nfxe5 Bxe5 {0-1 (28) Tkachev,I (1990)-Kopasov,E (2070) St Petersburg 2009}) 10... Qxd7 {[%emt 0:02:40]} 11. Bg5 {[%emt 0:01:46]} c5 {[%emt 0:05:28]} 12. f4 {[%emt 0:09:01]} f5 {[%emt 0:22:03]} 13. Nf3 {[%emt 0:07:17]} Nf6 {[%emt 0:02:20]} 14. Ne5 {[%emt 0:01:16]} Qd6 {[%emt 0:04:33]} 15. Bh4 {[%emt 0:02:29]} c4 {[%emt 0:05:13]} 16. Be2 {[%emt 0:05:40]} b5 {[%emt 0:00:56]} 17. Bf3 {[%emt 0:02:06]} Ne4 {[%emt 0:04:18]} 18. Bxe4 {[%emt 0:03:20]} dxe4 {[%emt 0:01:23]} 19. b3 {[%emt 0:04:52]} Bf6 {[%emt 0:04:34]} 20. Bg3 {[%emt 0:01:42]} Bd5 {[%emt 0:13:41]} 21. bxc4 {[%emt 0:02:51]} bxc4 {[%emt 0:00:01]} 22. Qa4 {[%emt 0:00:16]} Rfc8 {[%emt 0:00:55]} 23. Rab1 $11 {[%emt 0:01:08]} 1/2-1/2

[Event "4th Batumi Cup 2018"]
[Site "Batumi"]
[Date "2018.07.07"]
[Round "6"]
[White "Khalaji, Hanieh"]
[Black "Martynov, Roman"]
[Result "1-0"]
[WhiteElo "2146"]
[BlackElo "2366"]
[Annotator "NA"]
[PlyCount "57"]
[EventDate "2018.07.03"]
[EventType "swiss"]
[EventCountry "GEO"]
[SourceTitle "playchess.com"]
[Source "ChessBase"]
[SourceQuality "1"]
[TimeControl "40/5400+30:1800+30"]

1. e4 {[%emt 0:00:30]} c5 {[%emt 0:00:07]} 2. c3 {[%emt 0:00:19]} d5 {[%emt 0:01:07]} 3. exd5 {[%emt 0:00:23]} Qxd5 {[%emt 0:00:03]} 4. d4 {[%emt 0:01:37]} Nf6 {[%emt 0:00:42]} 5. Nf3 {[%emt 0:01:13]} e6 {[%emt 0:00:30]} 6. Be3 {[%emt 0:00:55]} cxd4 {[%emt 0:04:42]} 7. cxd4 {[%emt 0:00:35]} Nc6 {[%emt 0:01:01]} 8. Nc3 {[%emt 0:00:21]} Qa5 {[%emt 0:05:53]} 9. a3 {[%emt 0:06:48]} Bd7 {[%emt 0:27:20]} 10. Bd3 {[%emt 0:07:47]} Rc8 {[%emt 0:02:53]} 11. O-O {[%emt 0:04:58]} Be7 {[%emt 0:01:13]} 12. Qe2 {[%emt 0:03:36]} O-O {[%emt 0:00:39]} 13. Rfd1 {[%emt 0:10:43] B22: Sicilian: 2 c3} (13. b4 Qh5 14. Rac1 Rfd8 15. Rfd1 Be8 16. Bb1 Bd6 17. h3 Ne7 18. Bg5 Bc6 19. Ne4 Nxe4 20. Bxe4 Bxe4 21. Qxe4 Rxc1 22. Rxc1 {½-½ (40) Ionescu Brandis,I (2230)-Iosif,C (2195) Bucharest 1997}) 13... Rfd8 $146 {[%emt 0:00:45]} ({Predecessor:} 13... Qh5 14. Ne5 Qxe2 15. Nxe2 Rfd8 16. Nxd7 Rxd7 {1-0 (47) Fraser,R-MacGregor,C (1890) ICCF email 2009}) 14. Rac1 {[%emt 0:01:47]} Be8 {[%emt 0:00:43]} 15. Bb1 {[%emt 0:01:07]} Qh5 {[%emt 0:13:59]} 16. Ba2 {[%emt 0:04:00]} g6 {[%emt 0:08:34]} 17. h3 {[%emt 0:21:53]} a6 {[%emt 0:01:48]} 18. Bg5 {[%emt 0:13:42]} Nxd4 {[%emt 0:09:46]} 19. Nxd4 $11 {[%emt 0:00:38]} Qxg5 {[%emt 0:00:16]} 20. Nxe6 {[%emt 0:04:07]} fxe6 {[%emt 0:01:42]} 21. Qxe6+ {[%emt 0:00:29]} Kf8 {[%emt 0:00:37]} 22. Re1 {[%emt 0:02:59]} Bd6 {[%emt 0:13:19]} 23. Ne4 {[%emt 0:02:45]} Qe5 {[%emt 0:01:26]} 24. Rxc8 {[%emt 0:00:37]} Rxc8 {[%emt 0:01:37]} 25. Nxd6 {[%emt 0:02:01]} Qxe6 {[%emt 0:00:15]} 26. Rxe6 {[%emt 0:00:21]} Rc1+ {[%emt 0:00:11]} 27. Kh2 {[%emt 0:00:03]} Bd7 {[%emt 0:01:35]} 28. Rxf6+ {[%emt 0:00:07]} Ke7 {[%emt 0:00:01]} 29. Ne4 {[%emt 0:00:22]} 1-0

[Event "4th Batumi Cup 2018"]
[Site "Batumi"]
[Date "2018.07.07"]
[Round "6"]
[White "Eynullayev, Altay"]
[Black "Bashirov, Teymur"]
[Result "1-0"]
[WhiteElo "2134"]
[BlackElo "2379"]
[Annotator "NA"]
[PlyCount "114"]
[EventDate "2018.07.03"]
[EventType "swiss"]
[EventCountry "GEO"]
[SourceTitle "playchess.com"]
[Source "ChessBase"]
[SourceQuality "1"]
[TimeControl "40/5400+30:1800+30"]

1. d4 {[%emt 0:00:00]} d5 {[%emt 0:00:00]} 2. c4 {[%emt 0:00:00]} e6 {[%emt 0:00:00]} 3. Nf3 {[%emt 0:00:00]} Nf6 {[%emt 0:00:05]} 4. g3 {[%emt 0:00:00]} Bb4+ {[%emt 0:00:15]} 5. Bd2 {[%emt 0:00:01]} Be7 {[%emt 0:00:09]} 6. Bg2 {[%emt 0:00:04]} O-O {[%emt 0:00:41]} 7. O-O {[%emt 0:00:06]} c6 {[%emt 0:00:49]} 8. Qc2 {[%emt 0:00:22]} Nbd7 {[%emt 0:02:41]} 9. Rd1 {[%emt 0:00:15]} b6 {[%emt 0:00:38]} 10. Bf4 {[%emt 0:00:06]} Nh5 {[%emt 0:05:42]} 11. Bc1 {[%emt 0:11:03]} Nhf6 {[%emt 0:00:31]} 12. Nbd2 {[%emt 0:00:21]} Bb7 {[%emt 0:00:32]} 13. e4 {[%emt 0:00:38]} dxe4 {[%emt 0:01:47]} 14. Nxe4 {[%emt 0:00:04]} Nxe4 {[%emt 0:00:08]} 15. Qxe4 {[%emt 0:00:02]} Qc7 {[%emt 0:02:58]} 16. Bf4 {[%emt 0:10:05]} Bd6 {[%emt 0:04:49]} 17. Bxd6 {[%emt 0:02:54]} Qxd6 {[%emt 0:00:03]} 18. c5 {[%emt 0:01:26] E09: Closed Catalan: Main Line: 7 Qc2 c6 8 Nbd2} Qc7 {[%emt 0:14:57]} (18... Qe7 19. b4 a5 20. a3 Rfd8 21. Ne5 Nxe5 22. Qxe5 axb4 23. axb4 b5 24. h4 Qd7 25. Bf3 h6 {0-1 (63) Khairullin,I (2613)-Krapivin,A (2500) St Petersburg 2009}) 19. Rac1 {[%emt 0:02:27]} Rfd8 {[%emt 0:04:31] [#]} 20. h4 $146 {[%emt 0:14:51]} ({Predecessor:} 20. a3 a5 21. h4 a4 22. Ng5 Nf6 23. Qe5 Qxe5 24. dxe5 Nd7 25. cxb6 Nxb6 {1-0 (72) Grabarczyk,M (2505)-Polishchuk,O (2200) Wroclaw 2003}) 20... Rac8 {[%emt 0:02:33]} 21. Qe2 {[%emt 0:08:21]} Nf6 {[%emt 0:16:32]} 22. Ne5 {[%emt 0:02:17]} Nd5 {[%emt 0:01:48]} 23. Qe4 {[%emt 0:11:25]} b5 {[%emt 0:12:08]} 24. a3 {[%emt 0:06:37]} Re8 {[%emt 0:02:08]} 25. Rd3 {[%emt 0:01:19]} Rcd8 {[%emt 0:01:08]} 26. Rcd1 {[%emt 0:03:02]} Re7 {[%emt 0:01:31]} 27. Rf3 {[%emt 0:01:51]} Bc8 $11 {[%emt 0:00:37]} 28. Bf1 {[%emt 0:02:07]} Nf6 {[%emt 0:04:07]} 29. Qxc6 {[%emt 0:04:25]} Bb7 {[%emt 0:02:23]} 30. Qxc7 {[%emt 0:00:28]} Rxc7 {[%emt 0:00:02]} 31. c6 {[%emt 0:02:24]} Ba6 {[%emt 0:04:46]} 32. a4 {[%emt 0:06:12]} Rd5 {[%emt 0:02:13]} 33. axb5 {[%emt 0:06:53]} Bxb5 {[%emt 0:00:29]} 34. Rb3 {[%emt 0:00:10]} a6 {[%emt 0:00:55]} 35. Bc4 {[%emt 0:00:19]} Rd8 {[%emt 0:06:40]} 36. Bxb5 {[%emt 0:00:13]} axb5 {[%emt 0:00:01]} 37. Rxb5 {[%emt 0:00:14]} Kf8 {[%emt 0:00:15]} 38. Rb4 {[%emt 0:03:52]} Nd5 {[%emt 0:03:17]} 39. Rc4 {[%emt 0:00:09]} Ke7 {[%emt 0:00:15]} 40. b4 {[%emt 0:00:00]} f6 {[%emt 0:00:00]} 41. Nf3 {[%emt 0:01:49]} Rb8 {[%emt 0:03:19]} 42. Rb1 {[%emt 0:00:29]} Rb5 {[%emt 0:02:24]} 43. Nd2 {[%emt 0:01:28]} Rc8 {[%emt 0:01:14]} 44. Ne4 {[%emt 0:01:40]} Rcb8 {[%emt 0:07:11]} 45. Ra1 {[%emt 0:01:19]} Rc8 {[%emt 0:06:33]} 46. Ra7+ {[%emt 0:01:06]} Rc7 {[%emt 0:00:03]} 47. Nc3 {[%emt 0:02:01]} Rxa7 {[%emt 0:02:57]} 48. Nxb5 {[%emt 0:00:04]} Ra8 {[%emt 0:01:02]} 49. Nc3 {[%emt 0:03:14]} Nb6 {[%emt 0:09:28]} 50. Rc5 {[%emt 0:00:14]} Rd8 {[%emt 0:00:36]} 51. c7 {[%emt 0:01:59]} Rc8 {[%emt 0:00:44]} 52. d5 {[%emt 0:14:52]} exd5 {[%emt 0:03:59]} 53. Rc6 {[%emt 0:00:04]} Na8 {[%emt 0:00:38]} 54. Nxd5+ {[%emt 0:00:07]} Kd7 {[%emt 0:00:41]} 55. b5 {[%emt 0:00:05]} Re8 {[%emt 0:00:46]} 56. Rc1 {[%emt 0:01:27]} Kc8 {[%emt 0:00:08]} 57. b6 {[%emt 0:00:05]} Re6 {[%emt 0:00:37]} 1-0